000 00652nam a2200181Ia 4500
008 090630s9999 xx 000 0 und d
082 _b14479
100 _aरावजी आशु - कानडे दिनू.
245 _aसाहेब.
_cरावजी आशु - कानडे दिनू.
260 _bडॉल्फीन - गोवा.
_c1992
300 _a192
600 _aरावजी आशु - कानडे दिनू.
630 _aसाहेब.
655 _aकादंबरी.
700 _aरावजी आशु - कानडे दिनू.
730 _aसाहेब.
942 _cBOOK
999 _c266335
_d266335